logo

Bir Sreshtho Munshi Abdur Rouf Library
Jhenaidah Cadet College

Heat-treatment of metals. (Record no. 10006)

MARC details
000 -LEADER
fixed length control field 00650nam a22002412 4500
001 - CONTROL NUMBER
JCCL Control Number 10006
003 - CONTROL NUMBER IDENTIFIER
JCCL marc code BD-JhCC
005 - DATE AND TIME OF LATEST TRANSACTION
control field 20180404111351.0
008 - FIXED-LENGTH DATA ELEMENTS--GENERAL INFORMATION
fixed length control field 931222s1962 ru 000 0 eng d
035 ## - SYSTEM CONTROL NUMBER
system control number (BD-JhCC)10006
040 ## - CATALOGING SOURCE
Original cataloging agency BUQ
Transcribing agency BUQ
Modifying agency EQO
041 1# - LANGUAGE CODE
Language code of Book eng
Language code of original and/or intermediate translations of text rus
082 ## - DEWEY DECIMAL CLASSIFICATION NUMBER
Classification number 669
Author mark and Year ZAK 1962
100 1# - MAIN ENTRY--PERSONAL NAME
Personal name Zakharov, B.
245 10 - TITLE STATEMENT
Title Heat-treatment of metals.
260 ## - PUBLICATION, DISTRIBUTION, ETC. (IMPRINT)
Place of publication, distribution, etc Moscow :
Name of publisher, distributor, etc Peace Publishers,
Date of publication, distribution, etc 1962.
300 ## - PHYSICAL DESCRIPTION
Pagination 311 p.
Dimensions 23 cm.
500 ## - GENERAL NOTE
General note Translation, by N. Ivlev, of Termicheskaya obrabotka metallov.
500 ## - GENERAL NOTE
General note Added t.-p. in Russian.
650 ## - SUBJECT ADDED ENTRY--TOPICAL TERM
Topical term or geographic name as entry element Metal
General subdivision Hear Treatments
942 ## - ADDED ENTRY ELEMENTS (KOHA)
Source of classification or shelving scheme Dewey Decimal Classification
Koha item type Books
Holdings
Source of classification or shelving scheme Damaged status Not for loan Home library Current library Shelving location Date of accession Total Checkouts Full call number Barcode Date last seen Copy number Koha item type
Dewey Decimal Classification     JCC Rouf Library JCC Rouf Library General Stacks 02/04/2018   669 ZAK 1962 11163 04/04/2018 C-1 Books

JCC Library | Contacts | JCC Home

Last Update on 23 September 2017
Copyright @ 2017-2020 JCC Rouf Library
Rouf Library, Jhenidah Cadet College (JCC), Bangladesh